Marvel Characters - Statistics

General Stats
  • This quiz has been taken 29 times
    12 since last reset
  • The average score is 21 of 148
Answer Stats
First Appearance Marvel Character % Correct
Captain America Comics #1 Captain America
78%
Incredible Hulk #1 Hulk
78%
Tales Of Suspense #39 Iron Man
78%
Amazing Fantasy #15 Spider-Man
78%
Journey Into Mystery #83 Thor
78%
Daredevil #1 Daredevil
67%
Strange Tales #110 Doctor Strange
67%
Tales of Suspense #52 Black Widow
56%
SGT Fury And His Howling Commandos #1 Nick Fury
56%
Amazing Spider-Man #298 Venom
56%
Captain America #117 Falcon
44%
Fantastic Four #1 Mr. Fantastic
44%
X-Men #1 Professor X
44%
Savage She-Hulk #1 She-Hulk
44%
Fantastic Four #48 Silver Surfer
44%
Invincible Iron Man #55 Thanos
44%
Captain America Comics #1 Winter Soldier
44%
Tomb of Dracula #10 Blade
33%
X-Men #1 Cyclops
33%
Amazing Spider-Man #14 Green Goblin
33%
Tales To Astonish #13 Groot
33%
Tales of Suspense #57 Hawkeye
33%
Ms. Marvel #1 Ms. Marvel
33%
Marvel Premiere #4 Star Lord
33%
Fantastic Four #1 Thing
33%
Tales To Astonish #90 Abomination
22%
X-Men #1 Beast
22%
Fantastic Four #52 Black Panther
22%
Amazing Spider-Man #359 Carnage
22%
New Mutants #89 Deadpool
22%
Amazing Spider-Man #3 Doctor Octopus
22%
Fantastic Four #48 Galactus
22%
Uncanny X-Men #266 Gambit
22%
Strange Tales #180 Gamora
22%
Fantastic Four #1 Invisible Woman
22%
Marvel Premiere #15 Iron Fist
22%
Journey Into Mystery #85 Loki
22%
X-Men #1 Magneto
22%
Ultimate Fallout #4 Miles Morales
22%
Tales of Suspense #94 M.O.D.O.K
22%
Werewolf By Night #32 Moon Knight
22%
X-Men #4 Quicksilver
22%
Incredible Hulk #271 Rocket Raccoon
22%
Amazing Spider-Man #4 Sandman
22%
X-Men #4 Scarlet Witch
22%
Special Marvel Edition #15 Shang-Chi
22%
Marvel Spotlight #32 Spider-Woman
22%
Avengers #54 Ultron
22%
Eternals #2 Ajak
11%
Captain Britain #1 Captain Britain
11%
Conan The Barbarian #1 Conan
11%
Tales of Suspense #46 Crimson Dynamo
11%
Darkhawk #1 Darkhawk
11%
Fantastic Four #5 Doctor Doom
11%
Invincible Iron Man #55 Drax
11%
Amazing Spider-Man #9 Electro
11%
Hit-Monkey #1 Hit-Monkey
11%
Invincible Iron Man v3 #7 Ironheart
11%
Alias #1 Jessica Jones
11%
Avengers #8 Kang
11%
Amazing Spider-Man #50 Kingpin
11%
Venom v4 #3 Knull
11%
Amazing Spider-Man #15 Kraven The Hunter
11%
Amazing Spider-Man #6 Lizard
11%
Adventure Into Fear #10 Man Thing
11%
Marvel Boy #1 Marvel Boy
11%
Amazing Spider-Man #101 Morbius
11%
Marvel Comics #1 Namor
11%
The Man Called Nova #1 Nova
11%
Amazing Spider-Man #129 Punisher
11%
Captain America Comic #7 Red Skull
11%
Amazing Spider-Man #41 Rhino
11%
Sentry #1 Sentry
11%
What If... #105 Spider-Girl
11%
Spider-Man 2099 #1 Spider-Man 2099
11%
Fantastic Four #211 Terrax
11%
Avengers West Coast #94 War Machine
11%
NYX #3 X-23
11%
X-Men #1 Angel
0%
Fantastic Four Annual #6 Annihilus
0%
X-Factor #5 Apocalypse
0%
Fantastic Four #33 Attuma
0%
X-Men #28 Banshee
0%
SGT Fury and His Howling Commandos #6 Baron Strucker
0%
Marvel Super Heroes Secret Wars #1 Beyonder
0%
Uncanny X-Men #282 Bishop
0%
Amazing Spider-Man #194 Black Cat
0%
Avengers #48 Black Knight
0%
Daredevil #131 Bullseye
0%
New Mutants #87 Cable
0%
Tomb of Dracula #1 Count Dracula
0%
Captain America #360 Crossbones
0%
Uncanny X-Men #130 Dazzler
0%
Astonishing Tales #25 Deathlok
0%
Strange Tales #126 Dormammu
0%
Marvel Spotlight #5 Ghost Rider
0%
Thor: God of Thunder #1-2 Gorr
0%
Avengers #69 Grandmaster
0%
Avengers #52 Grim Reaper
0%
X-Men #57 Havok
0%
Journey Into Mystery Annual #1 Hercules
0%
Amazing Spider-Man #238 Hobgoblin
0%
Adventure Into Fear #19 Howard the Duck
0%
X-Men #1 Iceman
0%
Avengers #10 Immortus
0%
Iron Man #163 Iron Monger
0%
Amazing Spider-Man #129 Jackal
0%
X-Men #12 Juggernaut
0%
X-Men #10 Ka-Zar
0%
Jungle Action #6 Killmonger
0%
Uncanny X-Men #129 Kitty Pryde
0%
Journey Into Mystery #83 Korg
0%
2001 - A Space Odyssey #8 Machine Man
0%
Incredible Hulk - Future Imperfect #1 Maestro
0%
Tales of Suspense #50 Mandarin
0%
Mighty Thor #154 Mangog
0%
X-Men #1 Marvel Girl
0%
Fantastic Four #47 Maximus
0%
Silver Surfer #3 Mephisto
0%
Marvel Team Up #95 Mockingbird
0%
Longshot #3 Mojo
0%
Fantastic Four #20 Molecule Man
0%
Fantastic Four #1 Mole Man
0%
Ms. Marvel #18 Mystique
0%
Strange Tales #110 Nightmare
0%
X-Men #49 Polaris
0%
Uncanny X-Men #125 Proteus
0%
Fantastic Four Annual #5 Psycho-Man
0%
Avengers Annual #10 Rogue
0%
Fantastic Four #65 Ronan
0%
Iron Fist #14 Sabretooth
0%
Web of Spider-Man #118 Scarlet Spider
0%
Amazing Spider-Man #20 Scorpion
0%
Uncanny X-Men #117 Shadow King
0%
Daredevil #111 Silver Samurai
0%
Marvel Super-Heroes v2 #8 Squirrel Girl
0%
New Mutants #87 Stryfe
0%
Fantastic Four #18 Superskrull
0%
Journey Into Mystery #97 Surtur
0%
Avengers #195 Taskmaster
0%
Avengers #28 The Collector
0%
Journey Into Mystery #118 The Destroyer
0%
The Hood #1 The Hood
0%
Tales of Suspense #69 Titanium Man
0%
Avengers #57 Vision
0%
Avengers #9 Wonder Man
0%
Marvel Super Heroes #12 Yon-Rogg
0%
No matching quizzes found
Score Distribution
Percent of People with Each Score
Percentile by Number Answered
Your Score History
You have not taken this quiz since the last reset